000 00881nam a2200277 a 4500
001 000046838
003 DO-SdBNP
005 20251015123950.0
007 ta
008 180402s2016 dr 000 spa d
020 _a9789945588774
040 _aDO-SdBNP
_bspa
_cBNPHU
_erda
041 _aspa
082 _a398.6
_bJ564a
_222
100 1 _aJiménez, Adriana
_974786
245 0 _aAdivinanzas en abundancia. /
_cAdriana Jiménez.
264 4 _aSanto Domingo :
_bEditora Nacional :
_bDirección General de la Feria del Libro
_c2026
300 _a99 páginas ;
_c23 cm.
336 _atexto
_btxt
_2rdacontent
337 _asim mediación
_bn
_2rdamedia
338 _avolumen
_bnc
_0rdacarrier
650 4 _aAdivinanzas
_984267
_zRepública Dominicana
650 4 _aDiversiones
_919957
_zRepública Dominicana
910 _aValidado. Control de calidad /MAA
942 _2ddc
_cLBS1
999 _c46327
_d46327